00505nam a22001337a 4500082001600000100004100016245008500057260005600142300000800198650003100206942000700237952011000244999001700354 a489.321 ARN aArndt, William F.aF. Wibur Gingrich aA Greek- English Lexicon of the New Testment and other early Christian Litrature aUnited StatebThe University of Chicago Pressc1952 a909 aDictionary - Greek English cBK 00104070aHMIbHMId2017-02-17eDr Andreas D'Souzal0o489.321 ARNp11-2596r2017-02-17w2017-02-17yBK c20261d20261